000 00761nam a2200265Ia 4500
001 Para_4529
003 CHAP
008 220125s1916 xx 000 0 und d
010 _a203010
040 _cCHAP
090 _aPA FOLLETO 1811
100 _aHowe, R. W
_956499
245 _aStudies of the mexican cotton boll weevil in the Mississippi Valley /
_c R. W. Howe
260 _aWashington :
_b Department of Agriculture
300 _a32 p.
440 _aEUA. Dept. Agri. Bull; 358
_9168583
650 _aAnthonomus grandis Algodón
_x Plagas
_9164910
901 _aPA FOLLETO 1811
902 _aA
905 _a0000001916 WAS 0000000000 00
910 _a1916
942 _cPARA
942 _cPARA
_d1
999 _c203010
_d203010